The reason-driven life : (Record no. 10076)

MARC details
000 -LEADER
fixed length control field 02268cam a22003254a 4500
001 - CONTROL NUMBER
control field 14377000
003 - CONTROL NUMBER IDENTIFIER
control field OSt
005 - DATE AND TIME OF LATEST TRANSACTION
control field 20210215154038.0
008 - FIXED-LENGTH DATA ELEMENTS--GENERAL INFORMATION
fixed length control field 060515s2006 nyu b 000 0 eng
010 ## - LIBRARY OF CONGRESS CONTROL NUMBER
LC control number 2006016169
020 ## - INTERNATIONAL STANDARD BOOK NUMBER
International Standard Book Number 1591024765 (hardcover : alk. paper)
020 ## - INTERNATIONAL STANDARD BOOK NUMBER
International Standard Book Number 9781591024767 (hardcover : alk. paper)
035 ## - SYSTEM CONTROL NUMBER
System control number (OCoLC)ocm69241436
035 ## - SYSTEM CONTROL NUMBER
System control number (OCoLC)69241436
040 ## - CATALOGING SOURCE
Original cataloging agency DLC
Transcribing agency DLC
Modifying agency DLC
042 ## - AUTHENTICATION CODE
Authentication code pcc
050 00 - LIBRARY OF CONGRESS CALL NUMBER
Classification number BL2775.3
Item number .P945R
082 00 - DEWEY DECIMAL CLASSIFICATION NUMBER
Classification number 211/.4
Edition number 22
Item number P945R
100 1# - MAIN ENTRY--PERSONAL NAME
Personal name Price, Robert M.,
Dates associated with a name 1954-
245 14 - TITLE STATEMENT
Title The reason-driven life :
Remainder of title what am I here on earth for? /
Statement of responsibility, etc. Robert M. Price.
260 ## - PUBLICATION, DISTRIBUTION, ETC.
Place of publication, distribution, etc. Amherst, N.Y. :
Name of publisher, distributor, etc. Prometheus Books,
Date of publication, distribution, etc. c2006.
300 ## - PHYSICAL DESCRIPTION
Extent 363 p. ;
Dimensions 24 cm.
504 ## - BIBLIOGRAPHY, ETC. NOTE
Bibliography, etc. note Includes bibliographical references (p. 357-363).
505 0# - FORMATTED CONTENTS NOTE
Formatted contents note It is about you -- You are a work of art -- One track mind? -- Sons of dust -- My view is God's view -- No changes are permanent, but change is -- The mystery of everything -- God : planned for our pleasure -- What makes me sick -- The achilles heel of worship -- Becoming imaginary friends with God -- Providence and superstition -- Worship that creates God -- I cant get no sanctification -- Joining the sect -- The greatest of these -- A place to conform -- Heretics anonymous -- Price's Ten commandments -- Healing religious divisions -- Damage control -- The character of Christ -- When is a religion not a religion? -- This paper idol -- Jesus with a jackhammer -- Satan's Sunday school -- Temp job -- Jerusalem wasnt built in a day -- Service industry -- Cut out the holy ghost noise! -- Cogs for Christ -- Being who you are -- How twisted texts scream -- Meetings with unremarkable men -- War is peace/freedom, is slavery/weakness is strength -- Made into missionaries -- Fabricating your life message -- The hidden agenda of witnessing -- Juggling your life -- Not without reason.
650 #0 - SUBJECT ADDED ENTRY--TOPICAL TERM
Topical term or geographic name entry element Christianity
Form subdivision Controversial literature.
856 41 - ELECTRONIC LOCATION AND ACCESS
Materials specified Table of contents
Uniform Resource Identifier <a href="http://www.loc.gov/catdir/toc/ecip0614/2006016169.html">http://www.loc.gov/catdir/toc/ecip0614/2006016169.html</a>
906 ## - LOCAL DATA ELEMENT F, LDF (RLIN)
a 7
b cbc
c orignew
d 1
e ecip
f 20
g y-gencatlg
942 ## - ADDED ENTRY ELEMENTS (KOHA)
Source of classification or shelving scheme Dewey Decimal Classification
Koha item type Books
Holdings
Withdrawn status Lost status Source of classification or shelving scheme Damaged status Not for loan Collection code Home library Current library Shelving location Date acquired Total Checkouts Full call number Barcode Date last seen Price effective from Koha item type
    Dewey Decimal Classification     Non-fiction Harvest Mission College Harvest Mission College General Stacks 17.02.2021   211.4 P945R 011622 17.02.2021 17.02.2021 Books

OPAC Designed and Maintained by HMC Library Team.
Copyright © HMC Library,Greater Noida, UP.
For any Suggestions/Query Contact library via Email:libhmc@gmail.com